The story of the Christian church.

Bibliographic Details
Main Author: Hudson, Winthrop S. (Winthrop Still), 1911-
Format: Book
Language:English
Published: New York : Harper, [1958]
Subjects:

MARC

Tag First Indicator Second Indicator Subfields
LEADER 00000cam a2200000 4500
001 in00000057912
005 20151008050945.0
008 750212s1958 eng u
010 |a  58007475  
035 |a (OCoLC)01169423 
035 |9 AAG4567AM 
040 |c CSU  |d TXA  |d UtOrBLW 
049 |a TXAM  |c [297112] 
050 0 |a BR150  |b .H82 
082 0 |a 270 
092 |a 270  |b H886s 
100 1 |a Hudson, Winthrop S.  |q (Winthrop Still),  |d 1911- 
245 1 4 |a The story of the Christian church. 
264 1 |a New York :  |b Harper,  |c [1958] 
300 |a 107 pages :  |b illustrations ;  |c 20 cm. 
336 |a text  |b txt  |2 rdacontent 
337 |a unmediated  |b n  |2 rdamedia 
338 |a volume  |b nc  |2 rdacarrier 
504 |a Includes bibliography. 
650 0 |a Church history  |x Popular works. 
740 4 |a The Christian church. 
999 |a MARS 
999 f f |s 813e6214-606a-3aab-89fe-aea71b0c8476  |i 58e28e54-4c52-34cc-84c1-3481b90049e4  |t 0 
952 f f |p ric  |a Texas A&M University  |b Rellis Campus  |c Joint Library Facility  |d Remote Storage  |t 0  |e BR150 .H82  |h Library of Congress classification  |i unmediated -- volume  |m A14800617448 
998 f f |a BR150 .H82  |t 0  |l Remote Storage